LEADER 01180nam a2200253 u 4500 001 000000115521 003 CaOOAMICUS 005 20090505182554.0 008 090505s2009 it a u000 u ita r 040 $aPUL$bita$dLDB 245 00$aAlto medioevo :$bfilosofia, letteratura, scienza. 260 $aMilano :$bFederico Motta ;$aRoma :$bGruppo editoriale l'Espresso,$cc2009. 300 $a639 p. :$bill. ;$c24 cm. 490 1 $aMedioevo ;$v02 500 $aEdizione speciale per Gruppo Editoriale l'Espresso. 650 4$aMedioevo$xCultura.$0(OLS)http://pul/subject/1289 700 1 $aEco, Umberto,$d1932-2016.$0(OLS)http://pul/name/11020 830 0$aMedioevo (Federico Motta ; L'Espresso) ;$v02.$0(OLS)http://pul/title/144320 850 $aPUL 852 $aPUL$W1$xSL Cons. Gen., Altre Classi 3$y75$m940. 1 ECOUM 1.2$j132331$qDDC 21$B131328$CPULBib$Z2$F131328 $H110213 $82 941 1 $a9 996 $6245$aAlto medioevo :$bfilosofia, letteratura, scienza$9(OLS)http://pul/title/145150 996 $6260$aMilano :$bFederico Motta$9(OLS)http://pul/publisher/78214 996 $6260$aRoma :$bGruppo editoriale l'Espresso$9(OLS)http://pul/publisher/79104 LEADER 01329nam a2200277 a 4500 001 000000165612 003 CaOOAMICUS 005 20180131122029.0 008 180131s1939 dcu 000 u eng r 032 $aLibriCat 040 $aPUL$bita 100 1 $aKnapke, Paul J.$0(OLS)http://pul/name/106737 245 10$aFrederick Barbarossa's conflict with the papacy :$ba problem of church and state /$cby Paul J. Knapke, c.pp.s. 260 $aWashington, D.C. :$bThe Catholic University of America,$c1939. 300 $aXV, 126 p. ;$c23 cm. 500 $aSul front.: no. 55. 502 $aTesi. Universitas Catholica Americae, Washingtonii. S. Facultas Theologica. 1939. 504 $aBibliografia in nota a pič pagina. 600 04$aFriedrich$bI,$cBarbarossa, imperatore del Sacro romano impero,$dc. 1123-1190.$0(OLS)http://pul/subject/241 710 2 $aCatholic University of America.$kTesi.$0(OLS)http://pul/name/106692 850 $aPUL 852 $aPUL$W1$xDP1 Tesi Univ. Washington$y50$mTH WAS 27$j189929$qTesi$B192953$CPULBib$Z2$F192953 $81 941 1 $a16 996 $6245$aFrederick Barbarossa's conflict with the papacy :$ba problem of church and state$9(OLS)http://pul/title/205296 996 $6260$aWashington, D.C. :$bThe Catholic University of America$9(OLS)http://pul/publisher/62694